Town and country planning (Record no. 61300)

MARC details
000 -LEADER
fixed length control field 01078cam a2200205 4500
001 - CONTROL NUMBER
control field X102269
008 - FIXED-LENGTH DATA ELEMENTS--GENERAL INFORMATION
fixed length control field 000000n1999 000 0 eng u
035 ## - SYSTEM CONTROL NUMBER
System control number (Sirsi) u102269
245 ## - TITLE STATEMENT
Title Town and country planning
260 ## - PUBLICATION, DISTRIBUTION, ETC.
Date of publication, distribution, etc. 1999
490 ## - SERIES STATEMENT
Series statement Estates Gazette Case Summaries
Volume/sequential designation [1999] EGCS 130, 13 November 1999
520 ## - SUMMARY, ETC.
Summary, etc. R v Leicester CC ex parte Powergen UK plc QBD 29 October 1999. Powergen was granted outline planning permission with conditions to convert a disused power station into a retail development. Powergen then applied to amend the conditions to extend the time limit for approval of reserved matters and the supply of detailed plans of the site under s73 of the Town and Country Planning Act 1990.The council rejected both s73 applications. Held, application dismissed.
650 ## - SUBJECT ADDED ENTRY--TOPICAL TERM
Topical term or geographic name entry element TOWN AND COUNTRY PLANNING ACT 1990 S73
650 ## - SUBJECT ADDED ENTRY--TOPICAL TERM
Topical term or geographic name entry element REDEVELOPMENT
650 ## - SUBJECT ADDED ENTRY--TOPICAL TERM
Topical term or geographic name entry element TIME LIMITS
650 ## - SUBJECT ADDED ENTRY--TOPICAL TERM
Topical term or geographic name entry element R V LEICESTER CITY COUNCIL AND ANOTHER EX P POWERGEN UK PLC
650 ## - SUBJECT ADDED ENTRY--TOPICAL TERM
Topical term or geographic name entry element OUTLINE PLANNING PERMISSION
690 ## - LOCAL SUBJECT ADDED ENTRY--TOPICAL TERM (OCLC, RLIN)
Topical term or geographic name as entry element PLANNING LAW AND PRACTICE
942 ## - ADDED ENTRY ELEMENTS (KOHA)
Suppress in OPAC 0
Holdings
Withdrawn status Lost status Source of classification or shelving scheme Damaged status Not for loan Home library Current library Shelving location Date acquired Total Checkouts Full call number Barcode Date last seen Copy number Price effective from Koha item type
    Dewey Decimal Classification     London London Gallery 18/11/1999   X102269 102269-1001 06/08/2019 1 06/08/2019 Law report
    Dewey Decimal Classification     London London Gallery 18/11/1999   X102269 102269-1002 06/08/2019 2 06/08/2019 Law report